Регионална библиотека "Любен Каравелов" - Русе

Opera omnia (Запис номер 429029)

MARC детайли
000 -Лидер
Контролно поле с фиксирана дължина nam a22 a 4500
003 - Код на организацията, давaща контролен номер
Контролно поле BLK
005 - Дата и час на последна редакция
Контролно поле 20230209170210.0
008 - Елементи от данни с фиксирана дължина
fixed length control field 210818b bu |||||r|||| 00| | bu d
040 ## - Източник на каталожния запис
Идентификатор на билиотеката - собственик на записа BLK
041 ## - Код за език
Код за езика на текст/звукозапис или на отделно заглавие Латински
Код за езика КДБФ Други
080 ## - УДК
Текстов определител УДК Латинска (римска) литература
УДК код - определител по УДК 821.124
УДК определител -1
УДК - код + определител 821.124-1
100 ## - Редна дума - Автор
R(LIN) 1299
Автор Horati Flacci, Quinti
Авторска отговорност първи автор
139 ## - Редно поле
Редна дума Horati Flacci, Quinti
245 ## - Сведения за заглавието
Заглавие Opera omnia
Подзаглавни данни Recognovit et commentariis in usum scholarum
Редно поле (дума) Quinti Horati Flacci; instruxit Guil.Dillenburger
250 ## - Област на изданието
Сведения за изданието 5. ed.
260 ## - Област на издателските данни
9 (RLIN) 462739
Място на издаване, разпространение и проч. Bonnae
Име на издателя, разпространителя и проч. Adolphi Marci
Година на издаване 1867
300 ## - Физическа характеристика
Страници 642 с.
Размери/Мащаб 230 см
380 ## - Жанр
Жанр Худож. лит.
490 ## - СЕРИИ (Колекции)
9 (RLIN) 435080
Име на серия Колекция Редки и ценни издания
700 ## - Други автори (авторска отговорност)
9 (RLIN) 955
Лично име Dillenburger, Guil.
Автороска отговорност (Описва отношението между автора и произведението) подред.
852 ## - Местоположение
Форматна сигнатура Рл 867
Фондова буква Редки и ценни
999 ## - СИСТЕМНИ КОНТРОЛНИ НОМЕРА
Koha biblionumber 429029
Koha biblioitemnumber 429029
942 ## - АРТИКУЛИ
Вид на библиотечния материал Книги
Скрит в OPAC Не
Периодичен библиозапис Да
Koha issues (borrowed), all copies 1
944 ## - СЪЗДАВАНЕ И РЕДАКЦИЯ на ЗАПИСА
Създаване/Редакция Създаване
Дата на регистрацията/редакция 2021-08-18
Служител, извършил регистрацията/редакцията Христина Везирева
Наличности
Код за отписване Код за изгубен артикул Източник на класификационната схема Код за повреда Коз за рестрикции Код за отдаване Артикулен № Име на библиотеката - собственик Име на библиотеката, в която се намира в момента Статус (Текущо местоположение) Дата на вписване в системата Местоположение - отдел Цена в лева Инвентарен номер Систематично азбучна сигнатура Баркод Цена в евро Служебен тип на артикула
  Не е изгубен Universal Decimal Classification Не е повреден само за читалня Специални фондове ( старопечатни, редки и ценни, фонд М. Арнаудов) 854297 Регионална библиотека "Любен Каравелов" Русе Регионална библиотека "Любен Каравелов" Русе Редки и ценни 2021-09-23 Редки и ценни 1.28 13320/58 Рл 867 900000074747 0.65 Книги
Vip Innovations Ltd, Rousse, Bulgaria 2025